Holy Bible : (Record no. 1619)

MARC details
000 -LEADER
fixed length control field 01447cam a22003977i 4500
001 - CONTROL NUMBER
control field data
005 - DATE AND TIME OF LATEST TRANSACTION
control field 20260322212109.0
008 - FIXED-LENGTH DATA ELEMENTS--GENERAL INFORMATION
fixed length control field data
035 ## - SYSTEM CONTROL NUMBER
System control number 19046946
010 ## - LIBRARY OF CONGRESS CONTROL NUMBER
LC control number 2016301589
020 ## - INTERNATIONAL STANDARD BOOK NUMBER
International Standard Book Number 9780718039721
020 ## - INTERNATIONAL STANDARD BOOK NUMBER
International Standard Book Number 0718039726
035 ## - SYSTEM CONTROL NUMBER
System control number (OCoLC)907184875
040 ## - CATALOGING SOURCE
Original cataloging agency BTCTA
Language of cataloging eng
Transcribing agency BTCTA
Modifying agency DLC
Description conventions rda
Modifying agency OCLCO
-- EXN
-- DLC
042 ## - AUTHENTICATION CODE
Authentication code lccopycat
050 00 - LIBRARY OF CONGRESS CALL NUMBER
Classification number BS197
Item number .T463 2015
082 04 - DEWEY DECIMAL CLASSIFICATION NUMBER
Classification number 220.5/208
Edition information 23
130 0# - MAIN ENTRY--UNIFORM TITLE
Uniform title Bible.
Language of a work English.
Version International Children's Bible.
Date of a work 2015.
245 10 - TITLE STATEMENT
Title Holy Bible :
Remainder of title ICB, International Children's Bible.
246 30 - VARYING FORM OF TITLE
Title proper/short title International Children's Bible
264 #1 - PRODUCTION, PUBLICATION, DISTRIBUTION, MANUFACTURE, AND COPYRIGHT NOTICE
Place of production, publication, distribution, manufacture Nashville, TN :
Name of producer, publisher, distributor, manufacturer Thomas Nelson,
Date of production, publication, distribution, manufacture, or copyright notice [2015]
300 ## - PHYSICAL DESCRIPTION
Extent xiii, 1291 pages :
Other physical details color illustrations, color maps ;
Dimensions 22 cm
336 ## - CONTENT TYPE
Content type term text
Content type code txt
Source rdacontent
337 ## - MEDIA TYPE
Media type term unmediated
Media type code n
Source rdamedia
338 ## - CARRIER TYPE
Carrier type term volume
Carrier type code nc
Source rdacarrier
500 ## - GENERAL NOTE
General note Cover title.
520 ## - SUMMARY, ETC.
Summary, etc. A translation of the Holy Scriptures, prepared specifically for children. Includes maps, a dictionary, and an index.
630 00 - SUBJECT ADDED ENTRY--UNIFORM TITLE
Uniform title Bible.
630 07 - SUBJECT ADDED ENTRY--UNIFORM TITLE
Uniform title Bible.
Source of heading or term fast
Authority record control number or standard number (OCoLC)fst01356024
710 2# - ADDED ENTRY--CORPORATE NAME
Corporate name or jurisdiction name as entry element Thomas Nelson Publishers.
856 42 - ELECTRONIC LOCATION AND ACCESS
Materials specified Publisher description
Uniform Resource Identifier <a href="https://www.loc.gov/catdir/enhancements/fy1614/2016301589-d.html">https://www.loc.gov/catdir/enhancements/fy1614/2016301589-d.html</a>
906 ## - LOCAL DATA ELEMENT F, LDF (RLIN)
a 7
b cbc
c copycat
d 2
e ncip
f 20
g y-gencatlg
925 0# -
-- acquire
-- 1 shelf copy
-- policy default
923 ## -
-- katho copy FY16
Holdings
Withdrawn status Lost status Damaged status Not for loan Home library Current library Shelving location Date acquired Total checkouts Full call number Barcode Date last seen Price effective from Koha item type
        Institut Protestant de Théologie Institut Protestant de Théologie General stacks 22/03/2026   220.5/208 LOC-IPT-00010 22/03/2026 22/03/2026 Books